000
00247nam a22001097a 4500
082
_a
891.4392 ONC'A
100
_a
ANSARI, M. AKRAM
_9
57763
245
_a
ONE-ACT PLAYS
260
_a
LAHORE
_b
MAKTABA-TUL-MAARIF
_c
1967
300
_a
180P
942
_c
BK
999
_c
568022
_d
568022